| 000 | 00597nam a2200217 i 4500 | ||
|---|---|---|---|
| 001 | 17413 | ||
| 003 | ES-MaACL | ||
| 005 | 20230906151557.0 | ||
| 007 | t| | ||
| 008 | 010302s1999 sp ||||1| spa d | ||
| 020 | _a84-7731-323-7 | ||
| 080 | _a821.134.2-4"19" | ||
| 100 | 1 |
_aFerreras, Juan Ignacio. _950525 |
|
| 245 | 1 | 0 |
_aPor (contra) la (pos) modernidad / _cJuan Ignacio Ferreras. |
| 260 |
_aMadrid : _bEndymion, _c[1999] |
||
| 300 |
_a134 p. ; _c20 cm. |
||
| 490 | 1 |
_aEnsayo ; _v124 |
|
| 830 | 0 |
_aEnsayo ; _v124 _9177699 |
|
| 852 |
_aES-MaACL _jL-24405 _bR.129440 |
||
| 999 |
_c17413 _d17413 |
||